000 01127cam a22002531 4500
001 gs 29000190
003 DLC
005 20260227111333.0
008 790905s1928 kyuab s001 0 eng c
010 _ags 29000190
035 _a(OCoLC)5340459
040 _aU.S. Geol. Survey. Libr.
_cKyLoU
_dKyLoU
_dOCoLC
_dDLC
042 _apremarc
043 _an-us-ky
050 0 0 _aQE115
_b.A68
100 1 _aJillson, Willard Rouse,
_d1890-
245 1 4 _aThe geology and mineral resources of Kentucky;
_ba brief description of physiography, stratigraphy, areal and structural geology, and mineral resources of each of the counties comprising the commonwealth,
_cby Willard Rouse Jillson. Illustrated with two hundred and fifty-one photographs, maps and diagrams.
260 _aFrankfort, Ky.,
_bThe Kentucky Geologial Survey,
_c1928.
300 _axv, 409 p. incl. illus., maps, diagrs.
_bcol. front.
_c24 cm.
410 1 0 _aKentucky.
_bGeological Survey, 1920-1932.
_tSeries VI [Geologic reports]
_vv. 17
650 0 _aGeology
_zKentucky.
650 0 _aMines and mineral resources
_zKentucky.
650 0 _aPhysical geography
_zKentucky.
999 _c26726
_d26726